000 00352nam a22001457a 4500
003 SGT
020 _a9789386456472
082 _a344
_bKHA
100 _aKHAN, NUZHAT PARVEEN KHAN
245 _aLAW RELATING TO SOCIO- ECONOMICS OFFENCES
250 _a1
260 _aALLAHABAD
_bCENTRAL LAW AGENCY
_c2018
300 _aXXVIII ,676
942 _2ddc
_cBK
_07
999 _c23071
_d23071